[Event "Ruhrgebiet VK1 0910"]
[Site "Ruhrgebiet"]
[Date "2010.04.18"]
[Round "9.7"]
[White "Schwager, Georg"]
[Black "Salzmann, Juergen"]
[Result "1-0"]
[WhiteElo "1929"]
[BlackElo "2130"]
[PlyCount "49"]
[EventDate "2009.09.06"]
[EventType "team"]
[EventRounds "9"]
[EventCountry "GER"]
[SourceTitle "EXT 2011"]
[Source "ChessBase"]
[SourceDate "2010.11.26"]
[SourceVersion "1"]
[SourceVersionDate "2010.11.26"]
[SourceQuality "1"]
[WhiteTeam "Hattingen"]
[BlackTeam "Mengede SG"]
[WhiteTeamCountry "GER"]
[BlackTeamCountry "GER"]

1. e4 c5 2. Nf3 e6 3. d4 cxd4 4. Nxd4 a6 5. Nc3 Qc7 6. f4 Bb4 7. Qd3 Nf6 8. e5 Nd5 9. Bd2 Nxc3 10. bxc3 Bf8 11. Be2 Nc6 12. 0-0 b5 13. Nxc6 dxc6 14. Be3 Bb7 15. c4 b4 16. c5 a5 17. Qe4 Rd8 18. Bc4 g6 19. Rad1 Be7 20. Rd6 0-0 21. g4 Qc8 22. f5 Bxd6 23. exd6 exf5 24. Qd4 Rfe8 25. Bh6 1-0

[Event "Ruhrgebiet VK2 0708"]
[Site "Germany"]
[Date "2008.04.27"]
[Round "9.7"]
[White "Stoetzel, Martin"]
[Black "Salzmann, Juergen"]
[Result "1/2-1/2"]
[WhiteElo "1820"]
[BlackElo "2130"]
[PlyCount "51"]
[EventDate "2007.09.16"]
[EventType "team"]
[EventRounds "9"]
[EventCountry "GER"]
[SourceTitle "EXT 2009"]
[Source "ChessBase"]
[SourceDate "2008.11.26"]
[SourceVersion "1"]
[SourceVersionDate "2008.11.26"]
[SourceQuality "1"]
[WhiteTeam "Laufer Wanne"]
[BlackTeam "Mengede SG"]
[WhiteTeamCountry "GER"]
[BlackTeamCountry "GER"]

1. d4 f5 2. c4 Nf6 3. Nc3 g6 4. Nf3 Bg7 5. g3 0-0 6. Bg2 d6 7. 0-0 c6 8. Qc2 Na6 9. a3 Nc7 10. Bf4 Nh5 11. Qd2 Nxf4 12. Qxf4 e6 13. Rad1 Qe7 14. Qd2 e5 15. dxe5 dxe5 16. e4 fxe4 17. Nxe4 Bg4 18. Qe3 Ne6 19. Rd3 Bxf3 20. Bxf3 Nd4 21. Bg2 Rad8 22. Rc3 b6 23. Re1 h6 24. c5 Nf5 25. Qe2 Nd4 26. Qe3 1/2-1/2

[Event "Ruhrgebiet VL1 0405"]
[Site "Ruhrgebiet"]
[Date "2005.01.09"]
[Round "5.4"]
[White "Salzmann, Juergen"]
[Black "Schoebel, Frank"]
[Result "1/2-1/2"]
[WhiteElo "1989"]
[BlackElo "1914"]
[PlyCount "82"]
[EventDate "2004.09.12"]
[EventType "team"]
[EventRounds "9"]
[EventCountry "GER"]
[SourceTitle "EXT 2006"]
[Source "ChessBase"]
[SourceDate "2005.11.24"]
[SourceVersion "1"]
[SourceVersionDate "2005.11.24"]
[SourceQuality "1"]
[WhiteTeam "Mengede SG"]
[BlackTeam "Laeufer Ost"]
[WhiteTeamCountry "GER"]
[BlackTeamCountry "GER"]

1. e4 c5 2. Nf3 Nc6 3. d4 cxd4 4. Nxd4 g6 5. Nc3 Bg7 6. Be3 Nf6 7. Be2 0-0 8. 0-0 d5 9. exd5 Nxd5 10. Nxd5 Nxd4 11. Bxd4 Qxd5 12. Bxg7 Qxd1 13. Rfxd1 Kxg7 14. Rd2 Be6 15. b3 Rac8 16. c4 a5 17. a4 Rfd8 18. Rad1 Rxd2 19. Rxd2 Rc6 20. f4 Rb6 21. Bd1 Bf5 22. g4 Be4 23. Kf2 f5 24. g5 Kf7 25. Ke3 Ke8 26. Kd4 Rd6+ 27. Kc3 Kd7 28. Rxd6+ Kxd6 29. Kd4 b6 30. h4 Bc6 31. h5 Be4 32. h6 Bc6 33. Bc2 Bd7 34. Bd3 Be8 35. Be2 Bc6 36. Bd3 Be8 37. Bb1 Bd7 38. Bc2 Be8 39. Bd1 Bc6 40. Be2 Be8 41. Bf3 Bd7 1/2-1/2

[Event "Ruhrgebiet VL1 0405"]
[Site "Ruhrgebiet"]
[Date "2004.11.07"]
[Round "3.4"]
[White "Salzmann, Juergen"]
[Black "Wabschke, Alfred"]
[Result "1/2-1/2"]
[WhiteElo "1989"]
[BlackElo "2021"]
[PlyCount "59"]
[EventDate "2004.09.12"]
[EventType "team"]
[EventRounds "9"]
[EventCountry "GER"]
[SourceTitle "EXT 2006"]
[Source "ChessBase"]
[SourceDate "2005.11.24"]
[SourceVersion "1"]
[SourceVersionDate "2005.11.24"]
[SourceQuality "1"]
[WhiteTeam "Mengede SG"]
[BlackTeam "Laeufer Wanne Eickel"]
[WhiteTeamCountry "GER"]
[BlackTeamCountry "GER"]

1. e4 g6 2. d4 Bg7 3. Nf3 d6 4. Nc3 Nf6 5. Be2 0-0 6. 0-0 Nc6 7. d5 Ne5 8. Nxe5 dxe5 9. Be3 Ne8 10. Qd2 f5 11. exf5 gxf5 12. f4 exf4 13. Bxf4 e5 14. dxe6 Qxd2 15. Bxd2 Bxe6 16. Bd3 Nd6 17. Rae1 Bc4 18. Re7 Bxd3 19. cxd3 Rf7 20. Rfe1 Bf6 21. R7e6 Bd4+ 22. Kh1 Rd8 23. Bg5 Rdd7 24. Nd5 Bxb2 25. Bf6 Nb5 26. Bxb2 Rxd5 27. Re8+ Rf8 28. R8e7 Rf7 29. Re8+ Rf8 30. R8e7 1/2-1/2

[Event "Ruhrgebiet VK1 0001"]
[Site "Ruhrgebiet"]
[Date "2001.02.18"]
[Round "6"]
[White "Salzmann, Juergen"]
[Black "Orth, Roman"]
[Result "0-1"]
[WhiteElo "1968"]
[BlackElo "1996"]
[PlyCount "70"]
[EventDate "2000.09.17"]
[EventType "team-tourn"]
[EventRounds "9"]
[EventCountry "GER"]
[SourceTitle "EXT 2023"]
[Source "ChessBase"]
[SourceDate "2022.10.05"]
[SourceVersion "1"]
[SourceVersionDate "2022.10.05"]
[SourceQuality "1"]
[WhiteTeam "Mengede SG"]
[BlackTeam "Gerthe"]
[WhiteTeamCountry "GER"]
[BlackTeamCountry "GER"]

1. e4 c5 2. Nf3 d6 3. d4 cxd4 4. Nxd4 Nf6 5. Nc3 e5 6. Nb3 Be7 7. Be2 0-0 8. 0-0 Be6 9. Bf3 Nbd7 10. Be3 a6 11. a4 Rc8 12. a5 Qc7 13. Be2 Qc6 14. f3 d5 15. exd5 Nxd5 16. Nxd5 Bxd5 17. c3 Qe6 18. Nd2 Rfd8 19. Qe1 f5 20. Rb1 Kh8 21. c4 Bc6 22. b4 Nf6 23. Nb3 Qf7 24. Bb6 Re8 25. Kh1 Nh5 26. Nc5 Bd6 27. Rd1 Bb8 28. b5 axb5 29. cxb5 Bd5 30. Qd2 Bc4 31. Bxc4 Qxc4 32. Qd7 Qh4 33. Kg1 e4 34. Rd6 exf3 35. Re6 Bxh2+ 0-1

[Event "Ruhrgebiet VK4 9899"]
[Site "Ruhrgebiet"]
[Date "1998.10.25"]
[Round "2"]
[White "Prescha, Kristiane"]
[Black "Salzmann, Juergen"]
[Result "1/2-1/2"]
[WhiteElo "2017"]
[BlackElo "2130"]
[PlyCount "44"]
[EventDate "1998.??.??"]
[EventType "team"]
[EventRounds "9"]
[EventCountry "GER"]
[SourceTitle "EXT 2002"]
[Source "ChessBase"]
[SourceDate "2001.11.25"]
[SourceVersion "1"]
[SourceVersionDate "2001.11.25"]
[SourceQuality "1"]

1. d4 f5 2. Nf3 Nf6 3. g3 g6 4. Bg2 Bg7 5. 0-0 0-0 6. c4 d6 7. Nc3 Qe8 8. d5 Na6 9. Nd4 e5 10. dxe6 c6 11. b3 Bxe6 12. Ba3 Rd8 13. Nxe6 Qxe6 14. Rc1 Rfe8 15. e3 Nc7 16. Ne2 Ne4 17. Qc2 Qe5 18. Rb1 Qa5 19. Bc1 Qe5 20. Bb2 Qe7 21. Bxg7 Qxg7 22. Rfd1 Qe5 1/2-1/2

[Event "Ruhrgebiet VK1 9798"]
[Site "Ruhrgebiet"]
[Date "1998.??.??"]
[Round "?"]
[White "Krueger, Erich"]
[Black "Salzmann, Juergen"]
[Result "1/2-1/2"]
[WhiteElo "2240"]
[BlackElo "2130"]
[PlyCount "112"]
[EventDate "1997.??.??"]
[EventType "team"]
[EventRounds "9"]
[EventCountry "GER"]
[SourceTitle "EXT 2002"]
[Source "ChessBase"]
[SourceDate "2001.11.25"]
[SourceVersion "1"]
[SourceVersionDate "2001.11.25"]
[SourceQuality "1"]

1. d4 f5 2. Nf3 Nf6 3. g3 g6 4. Bg2 Bg7 5. 0-0 0-0 6. c4 d6 7. Nc3 Qe8 8. d5 Na6 9. Rb1 c5 10. b3 Bd7 11. Bb2 Nc7 12. Nd2 a6 13. e4 f4 14. Ne2 Nh5 15. Bxg7 Kxg7 16. Qc2 g5 17. Qc3+ Kg8 18. e5 Bg4 19. Rbe1 Bxe2 20. Rxe2 Qf7 21. Rfe1 fxg3 22. fxg3 Rae8 23. Ne4 Qg6 24. Qa5 Na8 25. Qd2 h6 26. Nf2 dxe5 27. Rxe5 Nc7 28. Rxe7 Rxe7 29. Rxe7 Qd6 30. Qe3 Nf6 31. Bh3 Re8 32. Rxe8+ Ncxe8 33. Ng4 Kg7 34. Ne5 Nc7 35. Nd3 b6 36. Qe5 Qxe5 37. Nxe5 Nce8 38. Nd7 Nxd7 39. Bxd7 Nd6 40. Kf2 h5 41. Ke3 Kf6 42. h4 gxh4 43. gxh4 Ke5 44. a4 a5 45. Bh3 Ne4 46. Bf1 Nd6 47. Bd3 Ne8 48. Bg6 Ng7 49. Bc2 Ne8 50. Bd1 Ng7 51. Bc2 Ne8 52. Kf3 Ng7 53. Bg6 Kf6 54. Bc2 Ke5 55. Bh7 Ne8 56. Bg6 Ng7 1/2-1/2

[Event "Ruhrgebiet VL2-chT 9596"]
[Site "Germany"]
[Date "1996.??.??"]
[Round "?"]
[White "Salzmann, Juergen"]
[Black "Krojanski, Hans Georg"]
[Result "1/2-1/2"]
[WhiteElo "2155"]
[BlackElo "2305"]
[PlyCount "116"]
[EventDate "1995.??.??"]
[EventType "team"]
[EventRounds "9"]
[EventCountry "GER"]
[SourceTitle "EXT 2002"]
[Source "ChessBase"]
[SourceDate "2001.11.25"]
[SourceVersion "1"]
[SourceVersionDate "2001.11.25"]
[SourceQuality "1"]

1. e4 d6 2. d4 Nf6 3. Nc3 g6 4. Be2 Bg7 5. Be3 Nc6 6. d5 Ne5 7. h3 0-0 8. Qd2 c6 9. Nf3 Nxf3+ 10. Bxf3 Bd7 11. 0-0 Re8 12. Rfe1 Qa5 13. Nd1 Qxd2 14. Bxd2 cxd5 15. exd5 Bf5 16. Rc1 Rac8 17. c4 Nd7 18. Be4 Bxe4 19. Rxe4 Nc5 20. Re2 Nd3 21. Rc2 b5 22. b3 bxc4 23. Rxc4 Rxc4 24. bxc4 Kf8 25. Be3 a6 26. Rd2 Ne5 27. c5 dxc5 28. Bxc5 Rc8 29. Rc2 Ke8 30. Ne3 Kd7 31. Kf1 f5 32. g3 Nf3 33. Ke2 Ng1+ 34. Kd3 Nf3 35. Ke2 Ng5 36. h4 Ne4 37. Bb4 Rxc2+ 38. Nxc2 Bc3 39. Ba3 Nf6 40. Ne3 Bd4 41. Nc2 Bb6 42. Ne3 Bxe3 43. Kxe3 Nxd5+ 44. Kd4 Kc6 45. f3 a5 46. g4 fxg4 47. fxg4 e6 48. h5 gxh5 49. gxh5 Nf6 50. h6 e5+ 51. Kxe5 Ng4+ 52. Ke4 Nxh6 53. Bc1 Nf7 54. a4 Kc5 55. Bd2 Nd6+ 56. Kf4 Kb6 57. Be1 Nc4 58. Kg5 Nb2 1/2-1/2